| 000 | 01066nam a22003257a 4500 | ||
|---|---|---|---|
| 003 | CHAP | ||
| 005 | 20220329135854.0 | ||
| 008 | 971013s1991 r 00010 d | ||
| 010 | _a43611 | ||
| 011 | _a44583 | ||
| 035 | _a48721 | ||
| 040 | _cCHAP | ||
| 082 |
_a630.72 _bP3 |
||
| 100 | 0 | 0 |
_aPardey, Philip G. _eed. _985489 |
| 245 | _aAgricultural research policy international quantitative perspectives | ||
| 260 |
_aLondon : _bCambridge University, _c1991 |
||
| 300 | _a462 p. | ||
| 590 |
_aBATCH-UPD _b10 _c20130110 _lUCH01 _h1902 |
||
| 590 |
_aBATCH-UPD _b10 _c20130410 _lUCH01 _h1230 |
||
| 590 |
_aBATCH-UPD _b10 _c20130914 _lUCH01 _h1900 |
||
| 590 |
_aBATCH-UPD _b10 _c20140805 _lUCH01 _h1145 |
||
| 590 |
_aCONVERSION _b10 _c20130109 _lUCH01 _h1324 |
||
| 650 | 1 | 4 |
_aAgricultura _xInvestigación. _91577 |
| 650 | 1 | 4 |
_aPolítica agrícola. _990283 |
| 700 | 0 |
_aAnderson, Jock R. _eed. _95590 |
|
| 700 | 0 |
_aRoseboom, Johannes _eed. _9100087 |
|
| 901 | _aBK | ||
| 942 | _cLIBRO | ||
| 949 |
_a630.72 P3 _bBC _cLIBRO _d33724000010260 _eLIBRO _gI.176603 _h89131 _i48721 _si _t149.05 |
||
| 999 |
_c43611 _d43611 |
||